Science - Chemistry | 8 | 3 | 0 | 0 | 150 | 29 | 60.18 | 2 | 4 |
Science - Physics | 2 | 7 | 0 | 0 | 100 | 46 | 70.33 | 1 | 4 |
Literature - European | 1 | 6 | 0 | 0 | 75 | 71 | 97.57 | 0 | 1 |
Science - Biology | 2 | 4 | 0 | 0 | 70 | 51 | 78.00 | 1 | 1 |
History - European | 0 | 5 | 0 | 0 | 50 | 89 | 107.80 | 0 | 0 |
History - American | 0 | 5 | 0 | 0 | 50 | 61 | 103.40 | 0 | 0 |
Literature - World and Miscellaneous | 0 | 5 | 0 | 0 | 50 | 77 | 98.40 | 0 | 0 |
Literature - American | 1 | 3 | 0 | 0 | 45 | 66 | 93.50 | 0 | 0 |
Literature - British | 0 | 4 | 0 | 0 | 40 | 73 | 95.00 | 0 | 0 |
History - World | 0 | 4 | 0 | 0 | 40 | 106 | 113.25 | 0 | 0 |
History - Cross, Historiography, and Miscellaneous | 0 | 4 | 0 | 0 | 40 | 81 | 85.75 | 0 | 0 |
Science - Astronomy | 0 | 2 | 0 | 0 | 20 | 103 | 110.50 | 0 | 0 |
Geography - World | 0 | 2 | 0 | 0 | 20 | 78 | 86.50 | 0 | 0 |
Science - Math | 0 | 2 | 0 | 0 | 20 | 69 | 91.50 | 0 | 0 |
RMP - Philosophy | 0 | 2 | 0 | 0 | 20 | 121 | 126.50 | 0 | 0 |
Current Events - World | 1 | 0 | 0 | 0 | 15 | 64 | 64.00 | 0 | 0 |
Social Science - Psychology | 0 | 1 | 0 | 0 | 10 | 86 | 86.00 | 0 | 0 |
Fine Arts - Painting | 0 | 1 | 0 | 0 | 10 | 93 | 93.00 | 0 | 0 |
Fine Arts - Photography | 0 | 1 | 0 | 0 | 10 | 98 | 98.00 | 0 | 0 |
Fine Arts - Sculpture | 0 | 1 | 0 | 0 | 10 | 86 | 86.00 | 0 | 0 |
Geography - Europe | 0 | 1 | 0 | 0 | 10 | 138 | 138.00 | 0 | 0 |
Other - Other Academic and General Knowledge | 0 | 1 | 0 | 0 | 10 | 128 | 128.00 | 0 | 0 |
RMP - Greco-Roman Mythology | 0 | 1 | 0 | 0 | 10 | 129 | 129.00 | 0 | 0 |
RMP - Hebrew Bible | 0 | 1 | 0 | 0 | 10 | 105 | 105.00 | 0 | 0 |
RMP - Hinduism | 0 | 1 | 0 | 0 | 10 | 116 | 116.00 | 0 | 0 |
RMP - Islam | 0 | 1 | 0 | 0 | 10 | 105 | 105.00 | 0 | 0 |
Science - Earth | 0 | 1 | 0 | 0 | 10 | 77 | 77.00 | 0 | 0 |
Science - Computer Science | 0 | 0 | 0 | 0 | 0 | | 0.00 | 0 | 0 |
Fine Arts - Ballet/Dance | 0 | 0 | 0 | 0 | 0 | | 0.00 | 0 | 0 |
Science - Engineering and Miscellaneous | 0 | 0 | 0 | 0 | 0 | | 0.00 | 0 | 0 |
RMP - Jewish Practice | 0 | 0 | 0 | 0 | 0 | | 0.00 | 0 | 0 |
Fine Arts - Music | 0 | 0 | 0 | 0 | 0 | | 0.00 | 0 | 0 |
Social Science - Economics | 0 | 0 | 0 | 0 | 0 | | 0.00 | 0 | 0 |
RMP - World Mythology | 0 | 0 | 0 | 0 | 0 | | 0.00 | 0 | 0 |